000 00681nam a2200241Ia 4500
003 OSt
005 20220918105426.0
006 a|||||r|||| 00| 0
007 ta
008 220915b |||||||| |||| 00| 0 san d
024 _a93,255
037 _cReference Collections
040 _aARTS
_cARTS
_bsan
041 _2san
_asan
082 _aQ112:41x2, 15B8.4(RR)
100 _aAnartiya Varadattasuta Au.
_91327
245 0 _aSankhayana srauta sutra
260 _c1888
490 _vVol. 4
700 _a Govinda Au.
_91328
942 _hQ112:41x2, 15B8.4(RR)
_cREF
999 _c107061
_d107061